Probleme und Entwicklungstendenzen der langfristigen konzeptionellen Arbeit in Kombinaten, Betrieben und Gebieten Gemeinsames Kolloquium der Universitäten Halle und Grenoble II. Halle, 30.09.-05.10.1985
Gespeichert in:
| Format: | Buch |
|---|---|
| Sprache: | Deutsch |
| Veröffentlicht: |
Halle
Martin-Luther-Universität
1986
|
| Ausgabe: | 1. Aufl. |
| Tags: |
Keine Tags, Fügen Sie das erste Tag hinzu!
|
MARC
| LEADER | 00000nam a2200000 4500 | ||
|---|---|---|---|
| 001 | c034641 | ||
| 005 | 20221220072417.8 | ||
| 041 | 0 | |a ger | |
| 044 | |a DE | ||
| 245 | 1 | 0 | |a Probleme und Entwicklungstendenzen der langfristigen konzeptionellen Arbeit in Kombinaten, Betrieben und Gebieten |b Gemeinsames Kolloquium der Universitäten Halle und Grenoble II. Halle, 30.09.-05.10.1985 |
| 250 | |a 1. Aufl. | ||
| 264 | 1 | |a Halle |b Martin-Luther-Universität |c 1986 | |
| 300 | |a 200 s. | ||